01013 a2200241 4500952012200000999001500122022001200137050002300149100002700172110003400199245018700233264004600420300001100466500005000477650003000527650005100557651001800608700002400626700002700650700002500677710003400702942003500736 001040708NFICaLLbLLcGENd2021-09-29l0oKTL19.A35SOU1987p005846r2021-09-29 00:00:00tc.1w2021-09-29ySERIALS c9934d9934 Ino issn00aKTL19.A35 SOU 1987 aDuncan, Graemeeeditor aSupreme Court of South Africa04aSouth African law reports 1987(4) : OctoberbDecisions of the Supreme Court of South Africa, South-West Africa division, High court of Rhodesia /cGraeme Duncan, M. Barnett ...et al aSouth Africa:bJuta and Company LTDc1987 a822p.: aIncludes bibliographical references and index 0aLaw reports, digests, etc 7aCases decided in Supreme Court of South Africa 7aSouth Africa.1 aBarnett, M.eeditor1 aBuchanan, J.L.eeditor1 aFisher, D.S.eeditor1 aSupreme Court of South Africa 2lcccSERIALSh19.A35iSOUkKTL